Normal view
MARC view
Entry Personal Name
001 - CONTROL NUMBER
- control field: 747154
003 - CONTROL NUMBER IDENTIFIER
- control field: OSt
005 - DATE AND TIME OF LATEST TRANSACTION
- control field: 20250317131550.0
008 - FIXED-LENGTH DATA ELEMENTS
- fixed length control field: 250317|| aca||aabn | a|a d
040 ## - CATALOGING SOURCE
- Original cataloging agency: OSt
- Transcribing agency: OSt
100 ## - HEADING--PERSONAL NAME
- Personal name: Johnson G C
670 ## - SOURCE DATA FOUND
- Source citation: Work cat.: (OSt)1268675: Johnson G C, High-level manpower in Iran: from hidden conflict to crisis, 1990
